Quiz Sur le Monopoly - Statistiques

Statistiques générales
  • Ce quiz a été pris 56 fois
  • Le résultat moyen est 5 sur 10
Statistiques - réponses
Question Réponse % Correct
Sur le Monopoly français, quel chemin est le plus cher ? La Rue de la Paix
89%
Quelle couleur de propriété n'existe pas dans le Monopoly ? Le gris
84%
Quelle rue ne figure pas sur le Monopoly français ? La Rue Saint-Honoré
75%
Si vous achetez la Rue de la Bourse (sur le Monopoly français), vous achetez une carte de couleur Jaune
71%
Un jeu de Monopoly est composé de 40 cases
55%
Sur le Monopoly en euros, on reçoit 200 € à chaque passage sur la case Départ. Sur le Monopoly en francs (français), on recevait 20 000 f
45%
Quelle gare est située entre la Rue de Paradis et l'Avenue Mozart ? La Gare de Lyon
36%
Sur le Monopoly en Euros français, quel motif d'amende dans les cartes 'Chance' n'existe pas ? Loyer non-payé
35%
Quel logo est représenté en haut à droite sur un billet de Monopoly traditionnel ? Un train
24%
En quelle année est apparue la première édition du Monopoly ? En 1935
22%
Aucun quiz correspondant
Distribution des résultats
% des personnes avec chaque résultat
Percentile par nombre de réponses
Votre historique - résultats
Vous n’avez pas pris ce quiz